01380 a2200241 4500003000500000005001700005010001700022020001500039040000900054082001000063100001800073245013700091260003200228300003200260505055900292650004100851650002600892651001100918856007500929942001201004999001901016952010301035Nust20170207154032.0 a 2002014162 a081440586X cNust00a658.41 aKaen, Fred R.12aA blueprint for corporate governance (E-BOOK)bstrategy, accountability, and the preservation of shareholder value /cFred R. Kaen. aNew York :bAMACOM,cc2003. ax, 227 p. :bill. ;c24 cm.0 aCorporate Governance An Overview (Page-1)The Governance Structure of American Corporations (Page-17) Markets: Can You Trust Them? (Page-33) Valuation (Page-57) Corporate Governance Issues in Investment Decisions (Page-73) Corporate Governance Issues and the Financing Decision (Page-89) Corporate Governance Dividend disuses (Page-105) Corporate Governance and Managerial Compensation (Page-117) The Corporate Control Market (Page-149) The Board of Directors and Shareholders Rights (Page-169) Alternative Governance Systems: Germany and Japan (Page-187) 0aCorporate governancezUnited States. 0aCorporate governance. aE-BOOK413Table of contentsuhttp://www.loc.gov/catdir/toc/fy038/2002014162.html 2ddccBK c192206d192206 00102ddc40708NFICaMCSbMCSd2016-12-12l0o658.4 FREpMCSEB-1345r2016-12-08w2016-12-12yBK